| 000 | 00992nam a2200253Ia 4500 | ||
|---|---|---|---|
| 003 | OSt | ||
| 005 | 20220923211513.0 | ||
| 006 | a|||||r|||| 00| 0 | ||
| 007 | ta | ||
| 008 | 220922b |||||||| |||| 00| 0 hin d | ||
| 020 |
_a9789380292175 (hbk) _c290 |
||
| 024 | _a243,151 | ||
| 037 |
_b155, 28/08/2010, Eastern Book Linkers _cTextual |
||
| 040 |
_aARTS _cARTS _bhin |
||
| 041 |
_2hin _ahin |
||
| 082 | _aQ4:33wC56, Q0 | ||
| 100 | _aसांकृत्यायन, राहुल | ||
| 245 | 0 |
_aबुद्धचर्य्या _b भगवान बुद्ध की जीवनी और उपदेश |
|
| 246 | _aBuddhacharyyā: bhagavān buddha kī jīvanī aur upadesha | ||
| 260 |
_aदिल्ली _b गौतम बुक सेन्टर _c2010 |
||
| 300 |
_a612पृ. _ccm. |
||
| 942 |
_hQ4:33wC56, Q0 _cTEXL _2CC |
||
| 999 |
_c300221 _d300221 |
||